Generator analog and digital signals; Методология проектирования молодежного научно-инновационного пространства как основа подготовки современного инженера
| Parent link: | Методология проектирования молодежного научно-инновационного пространства как основа подготовки современного инженера.— 2014.— [С. 79-83] |
|---|---|
| 1. autor: | |
| Korporacja: | |
| Kolejni autorzy: | , |
| Streszczenie: | Заглавие с экрана In this article, we will focus on the creation of printed circuit boards for electronic devices. In fact, a whole science with a lot of nuances, calculations, etc. In this article, we will only consider the tracing process for example emulator digital and analog signals. |
| Język: | angielski |
| Wydane: |
2014
|
| Seria: | Nuclear technologies as integral part of engineering science in the modern world |
| Hasła przedmiotowe: | |
| Dostęp online: | http://earchive.tpu.ru/handle/11683/64980 http://www.lib.tpu.ru/fulltext/c/2014/C07/016.pdf |
| Format: | Elektroniczne Rozdział |
| KOHA link: | https://koha.lib.tpu.ru/cgi-bin/koha/opac-detail.pl?biblionumber=607916 |
MARC
| LEADER | 00000naa2a2200000 4500 | ||
|---|---|---|---|
| 001 | 607916 | ||
| 005 | 20260316134601.0 | ||
| 035 | |a (RuTPU)RU\TPU\conf\5322 | ||
| 035 | |a RU\TPU\conf\5321 | ||
| 090 | |a 607916 | ||
| 100 | |a 20140905d2014 k y0rusy50 ba | ||
| 101 | 0 | |a eng | |
| 102 | |a RU | ||
| 135 | |a drcn ---uucaa | ||
| 181 | 0 | |a i | |
| 182 | 0 | |a b | |
| 200 | 1 | |a Generator analog and digital signals |f A. S. Popov |g Sci. adv. A. V. Obkhodskiy, N. V. Demyanenko | |
| 203 | |a Текст |c электронный | ||
| 215 | |a 1 файл (577 Кб) | ||
| 225 | 1 | |a Nuclear technologies as integral part of engineering science in the modern world | |
| 300 | |a Заглавие с экрана | ||
| 320 | |a [Библиогр.: с. 83 (4 назв.)] | ||
| 330 | |a In this article, we will focus on the creation of printed circuit boards for electronic devices. In fact, a whole science with a lot of nuances, calculations, etc. In this article, we will only consider the tracing process for example emulator digital and analog signals. | ||
| 337 | |a Adobe Reader | ||
| 463 | 1 | |0 (RuTPU)RU\TPU\conf\3581 |t Методология проектирования молодежного научно-инновационного пространства как основа подготовки современного инженера |l Strategy design of youth science and innovation environment for modern engineer training |o сборник научных трудов Международной молодежной научной школы, г. Томск, 2 - 4 апреля 2014 г. |f Национальный исследовательский Томский политехнический университет (ТПУ) ; под ред. В. В. Верхотуровой и др. |v [С. 79-83] |d 2014 | |
| 610 | 1 | |a электронный ресурс | |
| 610 | 1 | |a труды учёных ТПУ | |
| 610 | 1 | |a генераторы сигналов | |
| 610 | 1 | |a аналоговые сигналы | |
| 610 | 1 | |a цифровые сигналы | |
| 610 | 1 | |a печатные платы | |
| 610 | 1 | |a электронные устройства | |
| 700 | 1 | |a Popov |b A. S. |c physicist |c Design Engineer of Tomsk Polytechnic University |f 1992- |g Aleksandr Sergeevich |3 (RuTPU)RU\TPU\pers\38306 | |
| 702 | 1 | |a Obkhodskiy |b A. V. |c specialist in the field of nuclear power engineering |c Associate Professor of Tomsk Polytechnic University, Candidate of technical science |f 1982- |g Artem Viktorovich |4 727 | |
| 702 | 1 | |a Demyanenko |b N. V. |c linguist |c Senior Lecturer of Tomsk Polytechnic University |f 1977- |g Natalia Vladimirovna |4 727 | |
| 712 | 0 | 2 | |a Национальный исследовательский Томский политехнический университет |c (2009- ) |9 26305 |
| 801 | 1 | |a RU |b 63413507 |c 20101016 | |
| 801 | 2 | |a RU |b 63413507 |c 20210401 |g RCR | |
| 856 | 4 | |u http://earchive.tpu.ru/handle/11683/64980 | |
| 856 | 4 | |u http://www.lib.tpu.ru/fulltext/c/2014/C07/016.pdf | |
| 942 | |c BK | ||